|
|
|
|
| LEADER |
02173nam a22003733i 4500 |
| 001 |
EBC6637417 |
| 003 |
MiAaPQ |
| 005 |
20231204023216.0 |
| 006 |
m o d | |
| 007 |
cr cnu|||||||| |
| 008 |
231204s2019 xx o ||||0 ger d |
| 020 |
|
|
|a 9783110614442
|q (electronic bk.)
|
| 020 |
|
|
|z 9783110614466
|
| 035 |
|
|
|a (MiAaPQ)EBC6637417
|
| 035 |
|
|
|a (Au-PeEL)EBL6637417
|
| 035 |
|
|
|a (OCoLC)1273980120
|
| 040 |
|
|
|a MiAaPQ
|b eng
|e rda
|e pn
|c MiAaPQ
|d MiAaPQ
|
| 100 |
1 |
|
|a Herold, Alexander.
|
| 245 |
1 |
0 |
|a Manual der Koloproktologie.
|
| 250 |
|
|
|a 1st ed.
|
| 264 |
|
1 |
|a Berlin/Boston :
|b Walter de Gruyter GmbH,
|c 2019.
|
| 264 |
|
4 |
|c ©2019.
|
| 300 |
|
|
|a 1 online resource (300 pages)
|
| 336 |
|
|
|a text
|b txt
|2 rdacontent
|
| 337 |
|
|
|a computer
|b c
|2 rdamedia
|
| 338 |
|
|
|a online resource
|b cr
|2 rdacarrier
|
| 505 |
0 |
|
|a Intro -- Vorwort -- Inhalt -- Autorenverzeichnis -- 1. Anatomie -- 2. Anorektale Physiologie -- 3. Proktologische Basisdiagnostik -- 4. Die Proktologische Praxis - Organisation der Sprechstunde und Hygienemanagement -- 5. Hämorrhoidalleiden -- 6. Analfissur -- 7. Anorektaler Abszess und anorektale Fistel -- 8. Dermatologische Proktologie -- 9. Humanes Papilloma Virus (HPV) und anale intraepitheliale Neoplasie (AIN) -- 10. Acne inversa -- 11. Sinus pilonidalis -- 12. Stuhlinkontinenz -- 13. Stuhlentleerungsstörung -- 14. Proktitis -- 15. Proktologische Probleme in der Schwangerschaft -- 16. Kinderproktologie -- 17. Urologie in der Koloproktologie -- 18. Gynäkologie in der Koloproktologie -- Stichwortverzeichnis.
|
| 588 |
|
|
|a Description based on publisher supplied metadata and other sources.
|
| 590 |
|
|
|a Electronic reproduction. Ann Arbor, Michigan : ProQuest Ebook Central, 2023. Available via World Wide Web. Access may be limited to ProQuest Ebook Central affiliated libraries.
|
| 655 |
|
4 |
|a Electronic books.
|
| 700 |
1 |
|
|a Schiedeck, Thomas.
|
| 776 |
0 |
8 |
|i Print version:
|a Herold, Alexander
|t Manual der Koloproktologie
|d Berlin/Boston : Walter de Gruyter GmbH,c2019
|z 9783110614466
|
| 797 |
2 |
|
|a ProQuest (Firm)
|
| 856 |
4 |
0 |
|u https://ebookcentral.proquest.com/lib/matrademy/detail.action?docID=6637417
|z Click to View
|